000 00691nam a22002417a 4500
003 UA-OsUOA
001 120724
007 ta
008 20170210b un ||||| |||| 00| 0 ukr d
100 _aМалкович Т.
090 _a821.161.2
_bМ19
942 _cBK
040 _aUA-OsUOA
_bukr
_cUA-OsUOA
_dUA-OsUOA
245 _aТой, хто любить довгі слова
_bзбірка поезій: вірші, переклади
300 _a96 с.
955 _a3
041 _aukr
080 _a821.161.2
020 _a978-617-585-055-8
260 _aК.
_bВІМА
_c2013
650 7 _a82 Література. Літературознавство
_2UDC
999 _c406732
_d406732